000 00732nam a22002417a 4500
003 UA-OsUOA
001 21144
007 ta
008 20031120b un ||||| |||| 00| 0 ukr d
100 _aКуманев Г.А.
090 _a94(47+57)"1941/1945"
_bК90
942 _cBK
040 _aUA-OsUOA
_brus
_cUA-OsUOA
_dUA-OsUOA
245 _aСтрана Советов от Октября до Наших дней
_bКраткая история, документы, фотографии
300 _a238 с.
_bІлюстрації
955 _a0
041 _arus
080 _a94(47+57)"1941/1945"
260 _aМосква
_bПолитиздат
_c1982
044 _aRU
650 7 _2UDC
999 _c307337
_d307337